banner-ar

L'ITALIE DE LA RENAISSACE: UN MONDE EN MUTATION 1378-1494 / (Record no. 24940)

MARC details
000 -الفاتح
حقل البيانات ثابتة الطول 00575nam a2200217Ia 4500
008 - عناصر البيانات ثابتة الطول - معلومات عامة
حقل البيانات ثابتة الطول 140319s9999 xx 000 0 eng d
040 ## - مصدر الفهرسة
وكالة الفهرسة الأصلية GCL /
وكالة النسخ GCL
082 04 - رقم تصنيف ديوى العشرى
رقم التصنيف 945.05
رقم المادة B I
100 1# - المدخل الرئيسى - إسم شخصى
الإسم الشخصى CLOULAS, IVAN
245 10 - بيان العنوان
العنوان L'ITALIE DE LA RENAISSACE: UN MONDE EN MUTATION 1378-1494 /
بيان المسئوليه,etc CLOULAS, IVAN
700 1# - المدخل الاضافى - اسم شخصى
الإسم الشخصى TENETI, ALBERTO
700 1# - المدخل الاضافى - اسم شخصى
الإسم الشخصى BEC, CHRISTIAN
700 1# - المدخل الاضافى - اسم شخصى
الإسم الشخصى IESAZ, BERTRAND
260 ## - PUBLICATION, DISTRIBUTION, ETC. (IMPRINT)
تاريخ النشر أو التوزيع 1990
300 ## - الوصف المادى
التعداد 398 P
650 04 - المدخل الاضافى بالموضوع-مصطلح موضوعى
مصطلح موضوعي ITALY
650 04 - المدخل الاضافى بالموضوع-مصطلح موضوعى
مصطلح موضوعي RENAISSANCE PERIOD
650 04 - المدخل الاضافى بالموضوع-مصطلح موضوعى
مصطلح موضوعي ITALY - HISTORY
942 ## - عناصر المدخل الإضافي( كوها)
مصدر التصنيف او مخطط الترفيف Dewey Decimal Classification
Koha [default] item type كتاب
260 ## - PUBLICATION, DISTRIBUTION, ETC. (IMPRINT)
-- [S.N] :
-- FAYARD ،
Holdings
حالة التراجع حالة الفقد حالة تلف ليس للاعارة المكان المؤقت الموقع الحالى تاريخ الاكتساب اجمالي اﻻعارات رقم الطلب الباركود تاريخ اخر مشاهدة تاريخ تفعيل السعر نوع وعاء كوها
        مكتبة القاهرة الكبرى مكتبة القاهرة الكبرى 03/26/2014   945.05\B I 44061 03/26/2014 03/26/2014 كتاب

Powered By

EGPV